<?xml version="1.0" encoding="UTF-8"?>
<record
    xmlns:xsi="http://www.w3.org/2001/XMLSchema-instance"
    xsi:schemaLocation="http://www.loc.gov/MARC21/slim http://www.loc.gov/standards/marcxml/schema/MARC21slim.xsd"
    xmlns="http://www.loc.gov/MARC21/slim">

  <leader>03280cam a2200349 i 4500</leader>
  <controlfield tag="001">21330998</controlfield>
  <controlfield tag="005">20230314123415.0</controlfield>
  <controlfield tag="008">191210s2020    enka     b    001 0 eng d</controlfield>
  <datafield tag="010" ind1=" " ind2=" ">
    <subfield code="a">  2019956703</subfield>
  </datafield>
  <datafield tag="020" ind1=" " ind2=" ">
    <subfield code="a">9781789904574</subfield>
  </datafield>
  <datafield tag="020" ind1=" " ind2=" ">
    <subfield code="a">1789904579</subfield>
  </datafield>
  <datafield tag="020" ind1=" " ind2=" ">
    <subfield code="z">9781789904581</subfield>
  </datafield>
  <datafield tag="035" ind1=" " ind2=" ">
    <subfield code="a">(OCoLC)on1128200254</subfield>
  </datafield>
  <datafield tag="040" ind1=" " ind2=" ">
    <subfield code="a">YDX</subfield>
    <subfield code="b">eng</subfield>
    <subfield code="c">YDX</subfield>
    <subfield code="e">rda</subfield>
    <subfield code="d">YDXIT</subfield>
    <subfield code="d">OCLCQ</subfield>
    <subfield code="d">OCLCF</subfield>
    <subfield code="d">DLC</subfield>
  </datafield>
  <datafield tag="042" ind1=" " ind2=" ">
    <subfield code="a">lccopycat</subfield>
  </datafield>
  <datafield tag="050" ind1="0" ind2="0">
    <subfield code="a">JC330.3</subfield>
    <subfield code="b">.R46 2020</subfield>
  </datafield>
  <datafield tag="082" ind1="0" ind2="4">
    <subfield code="a">320.01/4</subfield>
    <subfield code="2">23</subfield>
  </datafield>
  <datafield tag="245" ind1="0" ind2="4">
    <subfield code="a">The rhetoric of political leadership :</subfield>
    <subfield code="b">logic and emotion in public discourse /</subfield>
    <subfield code="c">edited by Ofer Feldman.</subfield>
  </datafield>
  <datafield tag="260" ind1=" " ind2=" ">
    <subfield code="a"> Cheltenham, UK, :</subfield>
    <subfield code="b">Edward Elgar Publishing,</subfield>
    <subfield code="c">2020</subfield>
  </datafield>
  <datafield tag="300" ind1=" " ind2=" ">
    <subfield code="a">xiii, 250 pages :</subfield>
    <subfield code="b">illustrations ;</subfield>
    <subfield code="c">25 cm</subfield>
  </datafield>
  <datafield tag="504" ind1=" " ind2=" ">
    <subfield code="a">Includes bibliographical references and index.</subfield>
  </datafield>
  <datafield tag="505" ind1="0" ind2=" ">
    <subfield code="a">Introduction : persuasive speaking and evoking political behavior / Ofer Feldman -- Part I Persuasive leadership : emotion, style, and identity in national and international arenas -- Gender, emotion and political discourse : masculinity, femininity and populism / Carol Johnson -- What makes a speech effective? Netanyahu's and Obama's SPECtrum of Rhetoric Intelligences (SPEC/RI) in United Nations speeches 2009-2012 / Michelle Stein Teer -- Xi Jinping's governance philosophy and language style : analysis of the Chinese leader's speeches / Jianxin Wang -- The French state of emergency : marginalization of the Muslim minority as a consequence of state self-legitimation / Bruno Mendelski -- Part II Evoking behavior: the rhetoric of presidential inauguration, televised interview, and election campaign -- Battling for America's soul : Donald Trump, invited behavior, and the midterm elections of 2018 / Michael Alan Krasner -- Political Public Relations (PPR) techniques: emotional input and output / Albina Gayoso -- The rhetoric of broadcast talk shows in Japan: the art of equivocation as a political skill / Ofer Feldman -- Politicians' use of moral appeals in British political advertising 1983-2017 / Annemarie Walter -- Facial expressions in election campaign posters: the effect of smiling on winning political seats during the -- 2017 Japanese lower house election / Masahiko Asano -- Part III Social media discourse : populism, negative campaigns, and the use of artificial intelligence -- They are lying to us! The rhetoric of direct communication by populist politicians and its effects on the electorate : evidence from the Netherlands / Michael Hameleers -- Emotion, reason, and political attacks on Facebook : the use of rhetorical appeals in the 2014 Brazilian presidential race / &#xCD;caro Joathan and Francisco Paulo Jamil Marques -- Political discourse through artificial intelligence : parliamentary practices and public perceptions of chatbot communication in social media / Chen Sabag Ben-Porat and Sam Lehman-Wilzig.</subfield>
  </datafield>
  <datafield tag="650" ind1=" " ind2="0">
    <subfield code="a">Political leadership.</subfield>
  </datafield>
  <datafield tag="650" ind1=" " ind2="0">
    <subfield code="a">Rhetoric.</subfield>
  </datafield>
  <datafield tag="650" ind1=" " ind2="7">
    <subfield code="a">Political leadership.</subfield>
    <subfield code="2">fast</subfield>
  </datafield>
  <datafield tag="650" ind1=" " ind2="7">
    <subfield code="a">Rhetoric.</subfield>
    <subfield code="2">fast</subfield>
  </datafield>
  <datafield tag="700" ind1="1" ind2=" ">
    <subfield code="a">Feldman, Ofer,</subfield>
    <subfield code="d">1954-</subfield>
    <subfield code="e">editor.</subfield>
  </datafield>
  <datafield tag="906" ind1=" " ind2=" ">
    <subfield code="a">7</subfield>
    <subfield code="b">cbc</subfield>
    <subfield code="c">copycat</subfield>
    <subfield code="d">2</subfield>
    <subfield code="e">epcn</subfield>
    <subfield code="f">20</subfield>
    <subfield code="g">y-gencatlg</subfield>
  </datafield>
  <datafield tag="942" ind1=" " ind2=" ">
    <subfield code="2">lcc</subfield>
    <subfield code="c">BOOKS</subfield>
    <subfield code="h">JC330.3 .R46 2020</subfield>
  </datafield>
  <datafield tag="999" ind1=" " ind2=" ">
    <subfield code="c">31544</subfield>
    <subfield code="d">31544</subfield>
  </datafield>
  <datafield tag="952" ind1=" " ind2=" ">
    <subfield code="0">0</subfield>
    <subfield code="1">0</subfield>
    <subfield code="2">lcc</subfield>
    <subfield code="4">0</subfield>
    <subfield code="7">0</subfield>
    <subfield code="a">MUC</subfield>
    <subfield code="b">MUC</subfield>
    <subfield code="c">GEN</subfield>
    <subfield code="d">2023-03-14</subfield>
    <subfield code="e">Purchase(Urban Book Centre)</subfield>
    <subfield code="g">13074.00</subfield>
    <subfield code="l">1</subfield>
    <subfield code="o">JC330.3 .R46 2020</subfield>
    <subfield code="p">39339</subfield>
    <subfield code="r">2024-10-17</subfield>
    <subfield code="s">2024-10-03</subfield>
    <subfield code="w">2023-03-14</subfield>
    <subfield code="y">BOOKS</subfield>
  </datafield>
</record>
